| 000 | 01521nam a22002537a 4500 | ||
|---|---|---|---|
| 999 |
_c8149 _d8149 |
||
| 003 | AR-CdUCM | ||
| 008 | 190322b ||||| |||| 00| 0 spa d | ||
| 040 |
_aMUNICIPALIDAD PROVINCIAL DEL CUSCO _cBIBLIOTECA MUNICIPAL DEL CUSCO |
||
| 082 |
_a985.008 / _bC75 |
||
| 100 |
_aComisión Nacional del Sesquicentenario de la Independencia del Perú _921840 |
||
| 245 | _aPrimer Congreso Constituyente / | ||
| 260 |
_aLima : _bComisión Nacional del Sesquicentenario de la Independencia del Perú, _c1973. |
||
| 300 |
_a3 volúmenes ; _c24 cm. |
||
| 440 |
_aColección Documental de la Independencia del Perú _921841 |
||
| 505 | _aContenido: V.1 - V.2 : Convocatoria y elección del Congreso Constituyente -- Actas de elecciones. Poderes -- Instalación del Congreso Disps., Comisiones -- Actas de las sesiones públicas -- V.3: El congreso constituyente anuncia su instalación y declara que la soberanía de la nacion y su ejercito en el congreso - Comunicación anunciando la instalación del congreso constituyente -- Comunicación de San Martín dimitiendo ante el congreso constituyente el mando supremo de la nacion - Palabras del presidente Torre Tagle al jurar ante el congreso la constitución del estado... | ||
| 650 |
_aPerú _935 |
||
| 650 |
_aCongreso constituyente _922999 |
||
| 650 |
_aIndependencia _9625 |
||
| 650 |
_aPerú colecciones _921842 |
||
| 700 |
_aPons Muzzo, Gustavo (edición y prologo) _923000 |
||
| 700 |
_aTauro, Alberto (edición y prologo) _923001 |
||
| 942 |
_2ddc _cLIBROS |
||
| 945 | _adavv | ||